DATABASE SYSTEM CONCEPTS (Record no. 216653)

MARC details
000 -LEADER
fixed length control field 00545nam a22001937a 4500
008 - FIXED-LENGTH DATA ELEMENTS--GENERAL INFORMATION
fixed length control field 260225b |||||||| |||| 00| 0 eng d
020 ## - INTERNATIONAL STANDARD BOOK NUMBER
International Standard Book Number 978-0-0780-2215-9
050 ## - LIBRARY OF CONGRESS CALL NUMBER
Classification number QA 76.9 .D 37 S 54 2020
100 ## - MAIN ENTRY--PERSONAL NAME
Personal name SILBERSCHATZ, ABRAHAM
245 ## - TITLE STATEMENT
Title DATABASE SYSTEM CONCEPTS
250 ## - EDITION STATEMENT
Edition statement 7
260 ## - PUBLICATION, DISTRIBUTION, ETC.
Place of publication, distribution, etc. NEW YORK,
Name of publisher, distributor, etc. McGRAW-HILL EDUCATION,
Date of publication, distribution, etc. 2020
300 ## - PHYSICAL DESCRIPTION
Extent XXVIII,1344P.
500 ## - GENERAL NOTE
General note INCLUDES BIBLIOGRAPHICAL REFERENCES
650 ## - SUBJECT ADDED ENTRY
Topical term or geographic name entry element COMPUTER
700 ## - ADDED ENTRY--PERSONAL NAME
Personal name KORTH HENRY ,F, SUDARSHAN S.
942 ## - ADDED ENTRY ELEMENTS (KOHA)
Source of classification or shelving scheme Library of Congress Classification
Koha item type Long Loan Book
Holdings
Withdrawn status Lost status Source of classification or shelving scheme Damaged status Not for loan Collection Home library Current library Shelving location Date acquired Inventory number Total checkouts Full call number Barcode Date last seen Copy number Price effective from Koha item type
    Library of Congress Classification     Science & Technology Kisii University Library Kisii University Library On Display 02/25/2026 111288   QA 76.9 .D37S54 2020 A000495 02/25/2026 1 02/25/2026 Long Loan Book
    Library of Congress Classification     Science & Technology Kisii University Library Kisii University Library On Display 02/25/2026 111286   QA 76.9 .D 37 S 54 2020 A000493 02/25/2026 2 02/25/2026 Long Loan Book
    Library of Congress Classification     Science & Technology Kisii University Library Kisii University Library On Display 02/25/2026 111287   QA 76.9 .D 37 S 54 2020 A000494 02/25/2026 3 02/25/2026 Long Loan Book